| 000 | 00677nam a2200145 a 4500 | ||
|---|---|---|---|
| 001 | 000044748 | ||
| 005 | 20201002045610.0 | ||
| 008 | 150109s2014 dr a 000 0 spa d | ||
| 040 |
_aDO-SdBNP _bspa _cBNPHU |
||
| 111 | 2 |
_aSeminario internacional "Gobernanza universitaria" _d(2012, jul 30-31: _cSanto Domingo, República Dominicana) _972750 |
|
| 245 | 1 | 0 |
_aGobernanza Universitaria. / _cpresentación, Rafael Sánchez Cárdenas. |
| 260 |
_aSanto Domingo : _bMinisterio de educaciónciencia y tecnología (MESCyT), _bEmbajada de Francia _bUniversidad autónoma de Santo Domingo (UASD), _c2014. |
||
| 300 |
_a158 p. : _bil. ; _c23 cm. |
||
| 700 | 1 |
_aSánchez Cárdenas, Rafael _epres. _972751 |
|
| 999 |
_c44237 _d44237 |
||